f1 drivers nicknames - Statistics

General Stats
  • This quiz has been taken 58 times
  • The average score is 12 of 15
Answer Stats
Hint Answer % Correct
smooth operator carlos sainz
96%
schumi micheal schumacher
96%
iceman Kimi Räikkönen
92%
the hulk nico hülkenberg
92%
the honey badger daniël ricciardo
91%
sid (ice age movie) max verstappen
89%
britney nico rosberg
77%
lord perceval charles leclerc
75%
the professor alain prost
74%
hunt the shunt james hunt
74%
the mullet valtteri bottas
74%
the viking kevin magnussen
70%
torpedo daniil kvyat
60%
the rat niki lauda
60%
Il Leone nigel mansell
34%
No matching quizzes found
Score Distribution
Percent of People with Each Score
Percentile by Number Answered
Your Score History
You have not taken this quiz